ՀՀ Գիտությունների ազգային ակադեմիայի հիմնարար գիտական գրադարան  =   Fundamental Scientific Library of NAS RA

Պետություն : (Record no. 308589)

MARC details
000 -LEADER
fixed length control field 00925nam a2200229 a 4500
001 - CONTROL NUMBER
control field 000875215
003 - CONTROL NUMBER IDENTIFIER
control field AM-YeHGA
005 - DATE AND TIME OF LATEST TRANSACTION
control field 20250617145236.0
008 - FIXED-LENGTH DATA ELEMENTS--GENERAL INFORMATION
fixed length control field 120316s2012 ai r 000 0 arm d
020 ## - INTERNATIONAL STANDARD BOOK NUMBER
Canceled/invalid ISBN 978-99930-68-30-3
040 ## - CATALOGING SOURCE
Original cataloging agency AM-YeHGA
041 0# - LANGUAGE CODE
Language code of text/sound track or separate title arm
090 ## - LOCALLY ASSIGNED LC-TYPE CALL NUMBER (OCLC); LOCAL CALL NUMBER (RLIN)
-- 310300
100 1# - MAIN ENTRY--PERSONAL NAME
Personal name Մարգարյան, Մարիամ Մամիկոնի
245 10 - TITLE STATEMENT
Title Պետություն :
Remainder of title (ուսումնական ձեռնարկ) /
Statement of responsibility, etc. Մ.Մ. Մարգարյան; Մասնագիտ. խմբ.՝ Լ.Ա. Միրզոյան.
260 ## - PUBLICATION, DISTRIBUTION, ETC.
Place of publication, distribution, etc. Երևան :
Name of publisher, distributor, etc. Պետական ծառայություն,
Date of publication, distribution, etc. 2012.
300 ## - PHYSICAL DESCRIPTION
Extent 68 էջ ;
Dimensions 24 սմ.
650 14 - SUBJECT ADDED ENTRY--TOPICAL TERM
Topical term or geographic name entry element Քաղաքագիտություն
General subdivision Պետության ինստիտուտը
653 2# - INDEX TERM--UNCONTROLLED
Uncontrolled term պետության էությունը և բնույթը
653 2# - INDEX TERM--UNCONTROLLED
Uncontrolled term ժամանակակից պետության կառուցվածքը
700 1# - ADDED ENTRY--PERSONAL NAME
Personal name Միրզոյան, Լ.Ա.
Relator term խմբ.
Relationship edt
Holdings
Withdrawn status Lost status Damaged status Not for loan Collection Home library Current library Date acquired Cost, normal purchase price Total checkouts Full call number Barcode Date last seen Price effective from Koha item type Public note Source of classification or shelving scheme
        General Fundamental Scientific Library Fundamental Scientific Library 09/01/2017 1000.00   AII/97598 FL0188964 09/01/2017 09/01/2017 Գրքեր / Books 30 Days Loan  
        General Fundamental Scientific Library Fundamental Scientific Library 21/01/2020     AII/105672 FL0618529 21/01/2020 21/01/2020 Գրքեր / Books 30 Days Loan Universal Decimal Classification


ՀՀ ԳԱԱ հիմնարար գիտական գրադարան
ՀՀ,Երևան 0019
Մարշալ Բաղրամյան 24/6
հեռախոս:(374-10) 52-47-50
Հետադարձ կապ

All site content, except where otherwise noted, is licensed under a
Creative Commons License